Pieniny Dunajec : vrch Ostrá

Zobrazenie: Pohľad na rieku Dunajec a pltníkov na nej. Vľavo v pozadí sú skaly a hory. Vpravo v popredí vidno kamenistý breh rieky

Bibliographic Details
Format: Postcard
Language:Slovak
PhysicalDescription:1 pohľadnica čiernobiela 14 x 9 cm
Published: Martin Bratislava Osveta, n. p. PK - HSVZ 1956
Subjects:

MARC

LEADER 00000nkm a2200000 a 4500
001 vtls011838707
003 SK-MaSNL
005 20260512123622.0
007 kp bo
008 240131s1956 xo g kuslo
015 |a SNBG1956 
035 |a urn:nbn:sk:snk-km00dtms 
035 |a urn:nbn:sk:snk-km3ludt 
035 |a 6DBCF76E-4F9C-4089-A6DB-1BD3BE8A8A74 
040 |a SNK  |b slo  |c SNK  |e AACR2 
041 0 |a slo 
043 |a e-xo---  |a e-pl--- 
044 |a xo  |c SK 
072 7 |a 908(437+438)  |x Štúdium oblastí a lokalít všeobecne  |2 konspekt 
080 |a 908(438)  |2 2011 
080 |a 556.53  |2 2011 
080 |a (084.121)  |2 2011 
080 |a 626.74  |2 2011 
080 |a 908(437.6)  |2 2011 
245 0 0 |a Pieniny  |h grafika  |b Dunajec : vrch Ostrá 
260 |a Martin  |b Osveta, n. p.  |a Bratislava  |b PK - HSVZ  |c 1956 
300 |a 1 pohľadnica  |b čiernobiela  |c 14 x 9 cm 
520 8 |a Zobrazenie: Pohľad na rieku Dunajec a pltníkov na nej. Vľavo v pozadí sú skaly a hory. Vpravo v popredí vidno kamenistý breh rieky 
650 0 7 |a rieky  |2 SNKPH  |9 29644 
650 0 7 |a pltníctvo  |2 SNKPH  |9 31496 
651 7 |a Dunajec (Poľsko a Slovensko : rieka)  |2 SNKPHgeo  |9 31516 
651 7 |a Pieniny (Poľsko a Slovensko : pohorie)  |2 SNKPHgeo  |9 17492 
655 7 |a geografické pohľadnice  |2 SNKPH  |9 70522 
852 |a Slovenská národná knižnica 
958 |a GBN 
958 |a GC 
958 |a OND 
958 |a EUIPO 
999 |c 773552  |d 775482 
952 |a SNK  |b SNK  |y PREZ  |7 0  |p 17A1291560  |o snkSP 130279  |z Pohľadnica prešla poštou.  |0 0  |1 0  |4 0  |d 2019-02-04  |f 1  |l 0  |r 2026-02-24 00:41:50  |w 2026-02-24